| 000 | 00000nam##2200000za#4500 |
| 001 | 9.644326 |
| 003 | CaOODSP |
| 005 | 20210624224605 |
| 007 | cr ||||||||||| |
| 008 | 150407|2008||||xxc|||||o f|0| 0 fre|d |
| 040 | |aCaOODSP|bfre |
| 043 | |an-cn--- |
| 086 | 1 |aR5-30/2008F-PDF |
| 110 | 1 |aCanada.|bAffaires indiennes et du Nord. |
| 245 | 10|aÉvaluation de la Politique de 1996 sur le logement dans les réserves / |h[ressource électronique]|c[préparé par la] Direction générale de l'évaluation, de la mesure du rendement et de l'examen. |
| 260 | |aOttawa - Ontario : |bAffaires indiennes et du Nord |cFévrier 2008. |
| 300 | |a62p.|bgraphique, références, tableaux |
| 500 | |a« SGGID:1763601 »--Couverture. |
| 590 | |a15-03-Supp|b2015-03-13 |
| 691 | 07|aLogement|2gcpds |
| 691 | 07|aRéserve autochtone|2gcpds |
| 775 | 08|tEvaluation of the 1996 On-Reserve Housing Policy : |w(CaOODSP)9.700282 |
| 856 | 40|ahttp://publications.gc.ca|qPDF|s333 Ko|uhttps://publications.gc.ca/collections/collection_2015/aadnc-aandc/R5-30-2008-fra.pdf |
| 986 | |aProjet 07/05 |